000 00317pab a2200145 454500
008 180718b1999 xxu||||| |||| 00| 0 eng d
100 _aKamdar, Seema
245 _aAt what cost, Dabhol?
260 _c1999
300 _ap.9
362 _a9 Jun
650 _aPower industry
773 _aStatesman
909 _a42165
999 _c42165
_d42165